Văn hóa dân gian vùng Đồng Tháp Mười
Trình bày vị trí- điều kiện tự nhiên- tên gọi; di tích lịch sử - văn hóa; Nhân vật; Đời sống vật chất, tâm linh; Văn học dân gian,..
Guardat en:
| Autor principal: | |
|---|---|
| Format: | Llibre |
| Idioma: | Undetermined |
| Publicat: |
Thành phố Hồ Chí Minh
Văn nghệ Thành phố Hồ Chí Minh
2007
|
| Matèries: | |
| Etiquetes: |
Afegir etiqueta
Sense etiquetes, Sigues el primer a etiquetar aquest registre!
|
| Thư viện lưu trữ: | Trung tâm Học liệu Trường Đại học Cần Thơ |
|---|
| LEADER | 00857nam a2200205Ia 4500 | ||
|---|---|---|---|
| 001 | CTU_190265 | ||
| 008 | 210402s9999 xx 000 0 und d | ||
| 082 | |a 390.09597 | ||
| 082 | |b H309 | ||
| 100 | |a Nguyễn, Hữu Hiếu | ||
| 245 | 0 | |a Văn hóa dân gian vùng Đồng Tháp Mười | |
| 245 | 0 | |c Nguyễn Hữu Hiếu | |
| 260 | |a Thành phố Hồ Chí Minh | ||
| 260 | |b Văn nghệ Thành phố Hồ Chí Minh | ||
| 260 | |c 2007 | ||
| 520 | |a Trình bày vị trí- điều kiện tự nhiên- tên gọi; di tích lịch sử - văn hóa; Nhân vật; Đời sống vật chất, tâm linh; Văn học dân gian,.. | ||
| 650 | |a Folklore,Văn hóa dân gian | ||
| 650 | |z Vietnam,Việt Nam | ||
| 910 | |a Hải | ||
| 980 | |a Trung tâm Học liệu Trường Đại học Cần Thơ | ||